000 00357nam a2200145Ia 4500
008 241014s9999||||xx |||||||||||||| ||und||
020 _a978-0-07-249585-0
060 _aQS4 M 2006
100 _aMckinley , Michael
245 0 _aHuman Anatomy
260 _aBoston
_bMcgraw Hill
_c2006
300 _a884
650 _aAnatomy & Physiology
942 _bION
_cBK
999 _c18431
_d18431